[Event "Masters Tournament (MTO)"]
[Site "Biel, CH"]
[Date "2025.07.23"]
[Round "9"]
[White "Cervelli, Eduard"]
[Black "Mueller, Konstantin"]
[Result "1/2-1/2"]
[Board "37"]
[WhiteFideId "1351800"]
[BlackFideId "34661778"]
[WhiteElo "2086"]
[BlackElo "2017"]
[WhiteTeam "SUI"]
[BlackTeam "GER"]
[WhiteClock "0:19:02"]
[BlackClock "0:15:48"]
[Variant "Standard"]

1. e4 {[%clk 1:40:56]}  c5 {[%clk 1:40:51]} 2. Nf3 {[%clk 1:41:15]}  e6 {[%clk 1:41:15]} 3. d3 {[%clk 1:41:29]}  d5 {[%clk 1:41:38]} 4. Qe2 {[%clk 1:41:49]}  Be7 {[%clk 1:41:48]} 5. g3 {[%clk 1:42:11]}  Nf6 {[%clk 1:42:09]} 6. Bg2 {[%clk 1:41:55]}  O-O {[%clk 1:42:02]} 7. O-O {[%clk 1:41:47]}  Nc6 {[%clk 1:42:41]} 8. e5 {[%clk 1:43:22]}  Ne8 {[%clk 1:42:48]} 9. c4 {[%clk 1:43:22]}  Nc7 {[%clk 1:43:03]} 10. Nc3 {[%clk 1:40:44]}  Rb8 {[%clk 1:41:52]} 11. Rd1 {[%clk 1:35:42]}  b5 {[%clk 1:35:26]} 12. a4 {[%clk 1:17:35]}  a6 {[%clk 1:27:05]} 13. Bf4 {[%clk 1:05:48]}  g5 {[%clk 1:16:00]} 14. Bc1 {[%clk 1:04:38]}  g4 {[%clk 1:07:21]} 15. Ne1 {[%clk 1:01:13]}  Kh8 {[%clk 1:00:46]} 16. Qxg4 {[%clk 0:55:23]}  b4 {[%clk 0:57:26]} 17. Ne2 {[%clk 1:10:05]}  Nxe5 {[%clk 0:57:37]} 18. Qh5 {[%clk 1:09:27]}  Ng6 {[%clk 0:51:24]} 19. Bh6 {[%clk 1:09:01]}  Rg8 {[%clk 0:48:56]} 20. Nf3 {[%clk 0:54:42]}  Bb7 {[%clk 0:40:14]} 21. Nf4 {[%clk 0:44:34]}  Bf6 {[%clk 0:37:28]} 22. Nxg6+ {[%clk 0:37:19]}  fxg6 {[%clk 0:37:19]} 23. Ng5 {[%clk 0:32:33]}  Qd7 {[%clk 0:23:47]} 24. Qe2 {[%clk 0:27:20]}  Rge8 {[%clk 0:18:26]} 25. h4 {[%clk 0:25:19]}  Bg7 {[%clk 0:16:07]} 26. Bxg7+ {[%clk 0:47:16]}  Qxg7 {[%clk 0:21:12]} 27. Qe5 {[%clk 0:41:02]}  a5 {[%clk 0:19:29]} 28. Nf7+ {[%clk 0:45:47]}  Kg8 {[%clk 0:18:28]} 29. Qxc7 {[%clk 0:45:15]}  Qxf7 {[%clk 0:18:25]} 30. Qxc5 {[%clk 0:42:32]}  Rec8 {[%clk 0:18:00]} 31. Qd4 {[%clk 0:40:02]}  Qg7 {[%clk 0:17:04]} 32. Qxg7+ {[%clk 0:43:33]}  Kxg7 {[%clk 0:13:05]} 33. b3 {[%clk 0:43:45]}  e5 {[%clk 0:12:45]} 34. Rac1 {[%clk 0:43:29]}  Kf6 {[%clk 0:05:37]} 35. Re1 {[%clk 0:41:44]}  Rc7 {[%clk 0:10:06]} 36. Re2 {[%clk 0:37:50]}  dxc4 {[%clk 0:07:32]} 37. dxc4 {[%clk 0:35:23]}  Rd8 {[%clk 0:00:05]} 38. Re3 {[%clk 0:27:01]}  Bxg2 {[%clk 0:05:28]} 39. Kxg2 {[%clk 0:27:24]}  Rd2 {[%clk 0:02:42]} 40. Rce1 {[%clk 0:27:13]}  Rb2 {[%clk 0:01:56]} 41. Rd1 {[%clk 0:25:51]}  Kg7 {[%clk 0:28:25]} 42. Kg1 {[%clk 0:24:12]}  e4 {[%clk 0:25:22]} 43. Rxe4 {[%clk 0:35:08]}  Rf7 {[%clk 0:15:48]} 44. Rf4 {[%clk 0:19:02]} 1/2-1/2

[Event "Masters Tournament (MTO)"]
[Site "Biel, CH"]
[Date "2025.07.23"]
[Round "9"]
[White "Jordan, Theodor"]
[Black "Hu, Yu A."]
[Result "0-1"]
[Board "38"]
[WhiteFideId "1353152"]
[BlackFideId "8609993"]
[WhiteElo "1934"]
[BlackElo "2079"]
[WhiteTeam "SUI"]
[BlackTeam "CHN"]
[WhiteClock "0:30:04"]
[BlackClock "0:11:59"]
[Variant "Standard"]

1. e4 {[%clk 1:40:59]}  c5 {[%clk 1:40:41]} 2. Nf3 {[%clk 1:41:25]}  d6 {[%clk 1:40:21]} 3. d4 {[%clk 1:41:51]}  cxd4 {[%clk 1:40:39]} 4. Nxd4 {[%clk 1:42:17]}  Nf6 {[%clk 1:41:01]} 5. Nc3 {[%clk 1:42:43]}  g6 {[%clk 1:40:46]} 6. Be3 {[%clk 1:42:35]}  Nc6 {[%clk 1:40:38]} 7. f3 {[%clk 1:42:40]}  h5 {[%clk 1:40:33]} 8. Qd2 {[%clk 1:42:24]}  Nxd4 {[%clk 1:40:08]} 9. Bxd4 {[%clk 1:42:07]}  Bh6 {[%clk 1:40:26]} 10. Be3 {[%clk 1:41:41]}  Bxe3 {[%clk 1:40:30]} 11. Qxe3 {[%clk 1:42:59]}  Be6 {[%clk 1:40:18]} 12. Bd3 {[%clk 1:40:03]}  Qa5 {[%clk 1:39:35]} 13. O-O {[%clk 1:40:05]}  Rc8 {[%clk 1:39:25]} 14. Rfe1 {[%clk 1:39:49]}  Kf8 {[%clk 1:38:16]} 15. h3 {[%clk 1:26:12]}  Qc5 {[%clk 1:33:15]} 16. Nb5 {[%clk 1:21:47]}  Qxe3+ {[%clk 1:27:07]} 17. Rxe3 {[%clk 1:22:06]}  a6 {[%clk 1:27:27]} 18. Nd4 {[%clk 1:20:58]}  Bc4 {[%clk 1:27:21]} 19. Bxc4 {[%clk 1:17:50]}  Rxc4 {[%clk 1:27:45]} 20. c3 {[%clk 1:17:52]}  Kg7 {[%clk 1:26:23]} 21. Rd1 {[%clk 1:11:29]}  Rb8 {[%clk 1:17:40]} 22. Nc2 {[%clk 1:07:18]}  Rc5 {[%clk 1:16:24]} 23. Nb4 {[%clk 1:07:10]}  Nd7 {[%clk 1:15:45]} 24. Nd3 {[%clk 1:06:54]}  Ra5 {[%clk 1:15:20]} 25. a3 {[%clk 1:06:50]}  Nb6 {[%clk 1:12:05]} 26. Nb4 {[%clk 1:04:18]}  Nc4 {[%clk 1:15:34]} 27. Re2 {[%clk 1:03:51]}  Rc5 {[%clk 1:08:22]} 28. Nd5 {[%clk 1:02:26]}  Kf8 {[%clk 1:08:22]} 29. Ne3 {[%clk 1:02:08]}  b5 {[%clk 1:03:50]} 30. Nxc4 {[%clk 0:54:43]}  bxc4 {[%clk 1:04:14]} 31. f4 {[%clk 0:53:33]}  Rb6 {[%clk 0:57:05]} 32. Rd4 {[%clk 0:48:40]}  e6 {[%clk 0:52:34]} 33. Rf2 {[%clk 0:53:08]}  Ke7 {[%clk 0:50:24]} 34. Re2 {[%clk 0:52:44]}  e5 {[%clk 0:49:14]} 35. fxe5 {[%clk 0:52:37]}  dxe5 {[%clk 0:49:38]} 36. Rdd2 {[%clk 0:51:48]}  f5 {[%clk 0:48:37]} 37. g3 {[%clk 0:49:19]}  Ke6 {[%clk 0:46:10]} 38. Kg2 {[%clk 0:47:23]}  Rb8 {[%clk 0:42:18]} 39. Kf3 {[%clk 0:45:46]}  Rf8 {[%clk 0:40:34]} 40. Rd1 {[%clk 0:45:01]}  h4 {[%clk 0:27:47]} 41. g4 {[%clk 0:44:43]}  Rc6 {[%clk 0:21:00]} 42. exf5+ {[%clk 0:40:20]}  gxf5 {[%clk 0:21:25]} 43. gxf5+ {[%clk 0:39:28]}  Rxf5+ {[%clk 0:20:56]} 44. Ke3 {[%clk 0:38:43]}  Rg5 {[%clk 0:17:41]} 45. Rf2 {[%clk 0:38:40]}  Rg3+ {[%clk 0:16:20]} 46. Rf3 {[%clk 0:39:05]}  Rg2 {[%clk 0:16:32]} 47. Rf2 {[%clk 0:38:58]}  Rxf2 {[%clk 0:16:08]} 48. Kxf2 {[%clk 0:39:27]}  Kf5 {[%clk 0:16:26]} 49. Rg1 {[%clk 0:30:37]}  Rg6 {[%clk 0:12:31]} 50. Rh1 {[%clk 0:29:55]}  Rg3 {[%clk 0:12:19]} 51. Rh2 {[%clk 0:30:04]}  e4 {[%clk 0:11:59]} 0-1

[Event "Masters Tournament (MTO)"]
[Site "Biel, CH"]
[Date "2025.07.23"]
[Round "9"]
[White "Schultze, Joerg-Martin, Dr."]
[Black "Kanana, Ziad"]
[Result "0-1"]
[Board "39"]
[WhiteFideId "12972070"]
[BlackFideId "1346911"]
[WhiteElo "1865"]
[BlackElo "2062"]
[WhiteTeam "GER"]
[BlackTeam "SUI"]
[WhiteClock "0:02:42"]
[BlackClock "0:10:12"]
[Variant "Standard"]

1. d4 {[%clk 1:40:57]}  Nf6 {[%clk 1:40:58]} 2. c4 {[%clk 1:41:17]}  e6 {[%clk 1:41:25]} 3. Nc3 {[%clk 1:41:28]}  Bb4 {[%clk 1:41:52]} 4. f3 {[%clk 1:41:46]}  c5 {[%clk 1:41:41]} 5. d5 {[%clk 1:41:29]}  b5 {[%clk 1:42:34]} 6. e4 {[%clk 1:40:14]}  d6 {[%clk 1:26:36]} 7. Nh3 {[%clk 1:19:49]}  exd5 {[%clk 1:42:08]} 8. cxd5 {[%clk 1:19:06]}  Bxh3 {[%clk 1:42:17]} 9. gxh3 {[%clk 1:19:08]}  a6 {[%clk 1:34:19]} 10. Rg1 {[%clk 1:09:38]}  O-O {[%clk 1:25:07]} 11. Bg5 {[%clk 1:04:06]}  Nbd7 {[%clk 1:24:04]} 12. h4 {[%clk 0:59:56]}  Kh8 {[%clk 1:14:26]} 13. Bh3 {[%clk 0:56:34]}  Qb6 {[%clk 1:08:13]} 14. Qd2 {[%clk 0:51:21]}  c4 {[%clk 1:05:49]} 15. O-O-O {[%clk 0:45:53]}  Bxc3 {[%clk 1:02:18]} 16. bxc3 {[%clk 0:45:15]}  b4 {[%clk 0:34:59]} 17. Be3 {[%clk 0:32:33]}  Qa5 {[%clk 0:23:16]} 18. Bd4 {[%clk 0:18:50]}  Ne5 {[%clk 0:31:19]} 19. Rxg7 {[%clk 0:14:50]}  Qa3+ {[%clk 0:17:15]} 20. Kb1 {[%clk 0:15:24]}  bxc3 {[%clk 0:14:53]} 21. Bxc3 {[%clk 0:14:29]}  Rfb8+ {[%clk 0:14:53]} 22. Ka1 {[%clk 0:13:27]}  Kxg7 {[%clk 0:14:36]} 23. Rg1+ {[%clk 0:04:28]}  Kf8 {[%clk 0:14:43]} 24. Rg5 {[%clk 0:01:12]}  Nxf3 {[%clk 0:10:05]} 25. Qe3 {[%clk 0:02:17]}  Nxg5 {[%clk 0:10:13]} 26. hxg5 {[%clk 0:02:42]}  Rb2 {[%clk 0:10:12]} 0-1

[Event "Masters Tournament (MTO)"]
[Site "Biel, CH"]
[Date "2025.07.23"]
[Round "9"]
[White "Harish, Neeraj"]
[Black "He, Junchen"]
[Result "0-1"]
[Board "40"]
[WhiteFideId "30958130"]
[BlackFideId "8642427"]
[WhiteTitle "CM"]
[WhiteElo "2212"]
[BlackElo "2007"]
[WhiteTeam "USA"]
[BlackTeam "CHN"]
[WhiteClock "0:41:23"]
[BlackClock "0:11:56"]
[Variant "Standard"]

1. e4 {[%clk 1:40:55]}  e6 {[%clk 1:40:36]} 2. d4 {[%clk 1:41:17]}  d5 {[%clk 1:40:58]} 3. Nc3 {[%clk 1:41:39]}  Nf6 {[%clk 1:40:57]} 4. e5 {[%clk 1:42:02]}  Nfd7 {[%clk 1:41:22]} 5. Nce2 {[%clk 1:42:23]}  c5 {[%clk 1:41:40]} 6. c3 {[%clk 1:42:47]}  Nc6 {[%clk 1:41:57]} 7. h4 {[%clk 1:42:30]}  a5 {[%clk 1:41:28]} 8. a3 {[%clk 1:41:44]}  a4 {[%clk 1:39:14]} 9. Nf3 {[%clk 1:41:33]}  Nb6 {[%clk 1:32:11]} 10. Nf4 {[%clk 1:35:22]}  Na5 {[%clk 1:30:49]} 11. Bd3 {[%clk 1:33:32]}  Nb3 {[%clk 1:27:15]} 12. Rb1 {[%clk 1:33:43]}  Be7 {[%clk 1:21:14]} 13. h5 {[%clk 1:29:25]}  h6 {[%clk 1:18:27]} 14. Be3 {[%clk 1:26:48]}  Bd7 {[%clk 1:16:00]} 15. Rh3 {[%clk 1:19:36]}  cxd4 {[%clk 1:00:58]} 16. cxd4 {[%clk 1:15:30]}  Rc8 {[%clk 0:51:08]} 17. Rg3 {[%clk 1:15:56]}  Bf8 {[%clk 0:42:28]} 18. Nd2 {[%clk 1:11:01]}  Nxd2 {[%clk 0:41:48]} 19. Bxd2 {[%clk 1:11:14]}  Nc4 {[%clk 0:41:56]} 20. Ng6 {[%clk 1:03:34]}  Rg8 {[%clk 0:40:23]} 21. Nxf8 {[%clk 1:04:52]}  Rxf8 {[%clk 0:40:42]} 22. Bb4 {[%clk 0:50:25]}  Qh4 {[%clk 0:24:08]} 23. Bxf8 {[%clk 0:47:52]}  Qh1+ {[%clk 0:23:56]} 24. Ke2 {[%clk 0:46:10]}  Qxh5+ {[%clk 0:23:57]} 25. f3 {[%clk 0:45:48]}  Kxf8 {[%clk 0:23:39]} 26. Qe1 {[%clk 0:43:33]}  Qh4 {[%clk 0:15:43]} 27. Rg4 {[%clk 0:40:08]}  Qxe1+ {[%clk 0:14:52]} 28. Kxe1 {[%clk 0:40:08]}  Ne3 {[%clk 0:12:58]} 29. Rg3 {[%clk 0:40:22]}  Nc2+ {[%clk 0:12:05]} 30. Bxc2 {[%clk 0:40:33]}  Rxc2 {[%clk 0:12:31]} 31. b3 {[%clk 0:39:41]}  Bb5 {[%clk 0:11:02]} 32. bxa4 {[%clk 0:38:07]}  Ba6 {[%clk 0:08:32]} 33. Kd1 {[%clk 0:36:03]}  Rc4 {[%clk 0:10:39]} 34. Rb4 {[%clk 0:35:57]}  Rc3 {[%clk 0:09:25]} 35. Kd2 {[%clk 0:27:36]}  Rxa3 {[%clk 0:11:07]} 36. Rg4 {[%clk 0:27:10]}  g6 {[%clk 0:09:59]} 37. Kc2 {[%clk 0:25:35]}  Kg7 {[%clk 0:09:19]} 38. Kb2 {[%clk 0:25:49]}  Re3 {[%clk 0:08:51]} 39. Rb3 {[%clk 0:23:50]}  Re2+ {[%clk 0:10:06]} 40. Ka3 {[%clk 0:24:01]}  h5 {[%clk 0:05:21]} 41. Rg3 {[%clk 0:21:10]}  Rd2 {[%clk 0:05:25]} 42. Rb4 {[%clk 0:21:18]}  Rd3+ {[%clk 0:28:29]} 43. Kb2 {[%clk 0:51:30]}  Kh6 {[%clk 0:27:21]} 44. Kc2 {[%clk 0:51:37]}  Ra3 {[%clk 0:23:30]} 45. Kd2 {[%clk 0:50:31]}  g5 {[%clk 0:21:30]} 46. Rh3 {[%clk 0:43:44]}  Ra2+ {[%clk 0:23:45]} 47. Kc3 {[%clk 0:44:07]}  Rxg2 {[%clk 0:23:22]} 48. Rb2 {[%clk 0:44:28]}  Rg1 {[%clk 0:18:47]} 49. Rbh2 {[%clk 0:44:35]}  h4 {[%clk 0:18:01]} 50. f4 {[%clk 0:43:12]}  Rg4 {[%clk 0:17:38]} 51. fxg5+ {[%clk 0:44:30]}  Kxg5 {[%clk 0:17:22]} 52. Rf2 {[%clk 0:43:00]}  Rg3+ {[%clk 0:15:09]} 53. Rxg3+ {[%clk 0:44:51]}  hxg3 {[%clk 0:15:35]} 54. Rxf7 {[%clk 0:45:16]}  Kg4 {[%clk 0:11:10]} 55. Rg7+ {[%clk 0:41:07]}  Kf3 {[%clk 0:15:38]} 56. Kb4 {[%clk 0:40:37]}  g2 {[%clk 0:14:32]} 57. Kc5 {[%clk 0:40:56]}  Bd3 {[%clk 0:13:45]} 58. a5 {[%clk 0:37:36]}  Bf5 {[%clk 0:13:04]} 59. Rxg2 {[%clk 0:38:40]}  Kxg2 {[%clk 0:13:28]} 60. Kb6 {[%clk 0:39:04]}  Kf3 {[%clk 0:13:26]} 61. Kxb7 {[%clk 0:39:27]}  Bd3 {[%clk 0:13:48]} 62. Kc6 {[%clk 0:39:21]}  Ke4 {[%clk 0:12:57]} 63. Kd6 {[%clk 0:39:43]}  Kxd4 {[%clk 0:10:29]} 64. Kxe6 {[%clk 0:40:04]}  Kc5 {[%clk 0:10:51]} 65. Kf6 {[%clk 0:40:19]}  d4 {[%clk 0:10:38]} 66. e6 {[%clk 0:40:39]}  Bb5 {[%clk 0:11:05]} 67. e7 {[%clk 0:40:58]}  d3 {[%clk 0:11:29]} 68. a6 {[%clk 0:41:23]}  Kb6 {[%clk 0:11:56]} 0-1

[Event "Masters Tournament (MTO)"]
[Site "Biel, CH"]
[Date "2025.07.23"]
[Round "9"]
[White "Yu, Tianxiang Carlos"]
[Black "Artan, Tamir"]
[Result "0-1"]
[Board "41"]
[WhiteFideId "39922723"]
[BlackFideId "1346865"]
[WhiteElo "1938"]
[BlackElo "2054"]
[WhiteTeam "USA"]
[BlackTeam "SUI"]
[WhiteClock "0:06:12"]
[BlackClock "1:31:46"]
[Variant "Standard"]

1. e4 {[%clk 1:38:27]}  e5 {[%clk 1:40:55]} 2. Nf3 {[%clk 1:38:54]}  Nc6 {[%clk 1:41:23]} 3. Bc4 {[%clk 1:39:15]}  Bc5 {[%clk 1:41:48]} 4. c3 {[%clk 1:39:40]}  Nf6 {[%clk 1:42:14]} 5. d3 {[%clk 1:39:56]}  d6 {[%clk 1:42:39]} 6. O-O {[%clk 1:40:06]}  a6 {[%clk 1:43:04]} 7. a4 {[%clk 1:40:19]}  Ba7 {[%clk 1:43:28]} 8. Re1 {[%clk 1:40:30]}  O-O {[%clk 1:43:48]} 9. h3 {[%clk 1:40:39]}  Ne7 {[%clk 1:43:13]} 10. d4 {[%clk 1:40:19]}  Ng6 {[%clk 1:43:38]} 11. Nbd2 {[%clk 1:40:08]}  Re8 {[%clk 1:42:11]} 12. Bf1 {[%clk 1:39:45]}  c6 {[%clk 1:42:03]} 13. dxe5 {[%clk 1:36:56]}  dxe5 {[%clk 1:41:56]} 14. Qc2 {[%clk 1:32:05]}  Nh5 {[%clk 1:37:31]} 15. a5 {[%clk 1:18:00]}  Qf6 {[%clk 1:33:44]} 16. b4 {[%clk 1:09:54]}  Nh4 {[%clk 1:30:25]} 17. c4 {[%clk 1:00:31]}  Bxh3 {[%clk 1:39:04]} 18. gxh3 {[%clk 0:53:18]}  Nxf3+ {[%clk 1:39:00]} 19. Nxf3 {[%clk 0:53:45]}  Qxf3 {[%clk 1:39:22]} 20. Ra3 {[%clk 0:53:35]}  Qf6 {[%clk 1:39:14]} 21. c5 {[%clk 0:53:12]}  Rad8 {[%clk 1:39:28]} 22. Rd1 {[%clk 0:41:08]}  Nf4 {[%clk 1:39:09]} 23. Bxf4 {[%clk 0:37:54]}  exf4 {[%clk 1:38:06]} 24. Rad3 {[%clk 0:35:20]}  Bb8 {[%clk 1:30:08]} 25. f3 {[%clk 0:26:20]}  Be5 {[%clk 1:36:47]} 26. Qd2 {[%clk 0:24:56]}  Rxd3 {[%clk 1:36:58]} 27. Qxd3 {[%clk 0:25:21]}  h6 {[%clk 1:36:50]} 28. Qd7 {[%clk 0:22:20]}  Re7 {[%clk 1:35:37]} 29. Qc8+ {[%clk 0:19:34]}  Kh7 {[%clk 1:36:03]} 30. Rd8 {[%clk 0:17:32]}  g6 {[%clk 1:34:15]} 31. Rd7 {[%clk 0:13:46]}  Qe6 {[%clk 1:31:40]} 32. Rd8 {[%clk 0:14:07]}  Bd4+ {[%clk 1:27:44]} 33. Kh1 {[%clk 0:12:42]}  Qe5 {[%clk 1:25:07]} 34. Rd7 {[%clk 0:10:20]}  Qe6 {[%clk 1:21:18]} 35. Rd8 {[%clk 0:11:27]}  Qf6 {[%clk 1:21:45]} 36. Rd7 {[%clk 0:10:31]}  Rxd7 {[%clk 1:21:26]} 37. Qxd7 {[%clk 0:10:56]}  Kg7 {[%clk 1:21:40]} 38. Bc4 {[%clk 0:09:08]}  h5 {[%clk 1:19:57]} 39. Bxf7 {[%clk 0:05:32]}  Be3 {[%clk 1:13:55]} 40. Bb3+ {[%clk 0:01:14]}  Kh6 {[%clk 1:18:35]} 41. Qd1 {[%clk 0:23:49]}  Qc3 {[%clk 1:47:15]} 42. Bc2 {[%clk 0:20:33]}  Qxb4 {[%clk 1:40:30]} 43. e5 {[%clk 0:20:40]}  Bxc5 {[%clk 1:39:52]} 44. e6 {[%clk 0:18:11]}  Qc4 {[%clk 1:35:59]} 45. Bb3 {[%clk 0:17:33]}  Qc3 {[%clk 1:36:14]} 46. Bc2 {[%clk 0:17:02]}  Qe3 {[%clk 1:35:58]} 47. Be4 {[%clk 0:16:37]}  Qc3 {[%clk 1:35:13]} 48. Qb1 {[%clk 0:16:34]}  Qf6 {[%clk 1:32:07]} 49. Qa2 {[%clk 0:09:44]}  Qh4 {[%clk 1:32:48]} 50. Qg2 {[%clk 0:09:51]}  Qe1+ {[%clk 1:33:00]} 51. Kh2 {[%clk 0:10:10]}  g5 {[%clk 1:33:12]} 52. Bf5 {[%clk 0:07:24]}  Bf2 {[%clk 1:33:33]} 53. h4 {[%clk 0:07:17]}  Bxh4 {[%clk 1:33:22]} 54. Kh3 {[%clk 0:06:49]}  Bf2 {[%clk 1:31:26]} 55. e7 {[%clk 0:06:12]}  Bg1 {[%clk 1:31:46]} 0-1

[Event "Masters Tournament (MTO)"]
[Site "Biel, CH"]
[Date "2025.07.23"]
[Round "9"]
[White "von Burg, Carl Alexander"]
[Black "Paul, Mathias"]
[Result "1/2-1/2"]
[Board "42"]
[WhiteFideId "1352458"]
[BlackFideId "24694606"]
[WhiteElo "1878"]
[BlackElo "2051"]
[WhiteTeam "SUI"]
[BlackTeam "GER"]
[WhiteClock "0:25:21"]
[BlackClock "0:09:07"]
[Variant "Standard"]

1. d4 {[%clk 1:40:31]}  Nf6 {[%clk 1:40:47]} 2. c4 {[%clk 1:40:54]}  g6 {[%clk 1:41:07]} 3. g3 {[%clk 1:41:13]}  Bg7 {[%clk 1:40:46]} 4. Bg2 {[%clk 1:41:01]}  c5 {[%clk 1:40:01]} 5. d5 {[%clk 1:39:34]}  d6 {[%clk 1:38:01]} 6. Nc3 {[%clk 1:38:25]}  O-O {[%clk 1:37:03]} 7. Nf3 {[%clk 1:34:34]}  Na6 {[%clk 1:33:25]} 8. O-O {[%clk 1:33:04]}  Nc7 {[%clk 1:33:19]} 9. Bf4 {[%clk 1:37:43]}  a6 {[%clk 1:29:06]} 10. a4 {[%clk 1:37:56]}  b6 {[%clk 1:26:30]} 11. Re1 {[%clk 1:36:03]}  Rb8 {[%clk 1:17:01]} 12. e4 {[%clk 1:30:35]}  b5 {[%clk 1:11:05]} 13. e5 {[%clk 1:23:58]}  Nfe8 {[%clk 1:05:43]} 14. b3 {[%clk 1:14:34]}  h6 {[%clk 1:05:19]} 15. h3 {[%clk 1:10:28]}  g5 {[%clk 0:50:44]} 16. Bd2 {[%clk 1:10:09]}  bxc4 {[%clk 0:49:18]} 17. bxc4 {[%clk 1:07:02]}  Bf5 {[%clk 0:43:09]} 18. g4 {[%clk 0:58:06]}  Bh7 {[%clk 0:29:28]} 19. Ne4 {[%clk 0:44:40]}  e6 {[%clk 0:18:22]} 20. Bc3 {[%clk 0:38:41]}  Bxe4 {[%clk 0:15:40]} 21. Rxe4 {[%clk 0:37:15]}  exd5 {[%clk 0:15:42]} 22. cxd5 {[%clk 0:37:09]}  dxe5 {[%clk 0:13:08]} 23. Bxe5 {[%clk 0:37:16]}  Qxd5 {[%clk 0:11:01]} 24. Qxd5 {[%clk 0:36:12]}  Nxd5 {[%clk 0:11:25]} 25. Bxg7 {[%clk 0:33:42]}  Nxg7 {[%clk 0:06:57]} 26. Re5 {[%clk 0:32:05]}  Nf4 {[%clk 0:05:27]} 27. Rxc5 {[%clk 0:35:02]}  Rfc8 {[%clk 0:04:05]} 28. Rxc8+ {[%clk 0:30:32]}  Rxc8 {[%clk 0:00:02]} 29. h4 {[%clk 0:25:42]}  Nxg2 {[%clk 0:03:35]} 30. Kxg2 {[%clk 0:24:07]}  Rc4 {[%clk 0:02:39]} 31. Kg3 {[%clk 0:25:04]}  f6 {[%clk 0:01:43]} 32. hxg5 {[%clk 0:22:56]}  hxg5 {[%clk 0:02:06]} 33. a5 {[%clk 0:23:10]}  Kf7 {[%clk 0:01:35]} 34. Nd2 {[%clk 0:14:20]}  Rd4 {[%clk 0:01:54]} 35. Ra2 {[%clk 0:14:26]}  Ne6 {[%clk 0:01:55]} 36. f3 {[%clk 0:14:14]}  Nc5 {[%clk 0:01:42]} 37. Rc2 {[%clk 0:13:12]}  Rd5 {[%clk 0:01:40]} 38. Nc4 {[%clk 0:11:12]}  Nb3 {[%clk 0:01:16]} 39. Ra2 {[%clk 0:10:06]}  Ke6 {[%clk 0:01:03]} 40. Re2+ {[%clk 0:00:34]}  Kf7 {[%clk 0:01:20]} 41. Rb2 {[%clk 0:26:14]}  Nxa5 {[%clk 0:28:08]} 42. Ne3 {[%clk 0:25:48]}  Re5 {[%clk 0:22:19]} 43. Nf5 {[%clk 0:25:40]}  Nc4 {[%clk 0:15:52]} 44. Rc2 {[%clk 0:25:21]}  Ne3 {[%clk 0:09:07]} 1/2-1/2

[Event "Masters Tournament (MTO)"]
[Site "Biel, CH"]
[Date "2025.07.23"]
[Round "9"]
[White "Hoffmann, Achim Gunter"]
[Black "Heyl, Thomas"]
[Result "1/2-1/2"]
[Board "43"]
[WhiteFideId "3203840"]
[BlackFideId "4623371"]
[WhiteElo "2045"]
[BlackElo "1938"]
[WhiteTeam "AUS"]
[BlackTeam "GER"]
[WhiteClock "0:05:46"]
[BlackClock "0:17:29"]
[Variant "Standard"]

1. e4 {[%clk 1:40:30]}  c5 {[%clk 1:40:06]} 2. Nf3 {[%clk 1:41:04]}  Nc6 {[%clk 1:40:23]} 3. d4 {[%clk 1:41:17]}  cxd4 {[%clk 1:40:44]} 4. Nxd4 {[%clk 1:41:45]}  e5 {[%clk 1:41:04]} 5. Nb5 {[%clk 1:41:11]}  d6 {[%clk 1:41:24]} 6. N1c3 {[%clk 1:41:09]}  a6 {[%clk 1:41:41]} 7. Na3 {[%clk 1:41:31]}  Be7 {[%clk 1:41:59]} 8. Be3 {[%clk 1:36:04]}  Nf6 {[%clk 1:40:51]} 9. Nc4 {[%clk 1:34:38]}  b5 {[%clk 1:37:45]} 10. Nb6 {[%clk 1:31:04]}  Rb8 {[%clk 1:38:02]} 11. Nbd5 {[%clk 1:30:38]}  b4 {[%clk 1:28:55]} 12. Nxf6+ {[%clk 1:29:14]}  Bxf6 {[%clk 1:29:17]} 13. Nd5 {[%clk 1:29:32]}  O-O {[%clk 1:29:26]} 14. Qd2 {[%clk 1:27:59]}  Nd4 {[%clk 1:21:35]} 15. Bxd4 {[%clk 1:23:02]}  exd4 {[%clk 1:21:59]} 16. Nxb4 {[%clk 1:22:59]}  Qe7 {[%clk 1:15:16]} 17. f3 {[%clk 1:21:51]}  Bb7 {[%clk 1:13:22]} 18. Bc4 {[%clk 1:16:40]}  Bxe4 {[%clk 0:54:31]} 19. fxe4 {[%clk 1:08:28]}  Qxe4+ {[%clk 0:54:54]} 20. Be2 {[%clk 1:08:10]}  Rfe8 {[%clk 0:49:12]} 21. O-O {[%clk 0:15:34]}  Qxe2 {[%clk 0:46:59]} 22. Qxe2 {[%clk 0:15:23]}  Rxe2 {[%clk 0:47:22]} 23. Rae1 {[%clk 0:15:23]}  Rxe1 {[%clk 0:41:54]} 24. Rxe1 {[%clk 0:15:47]}  Kf8 {[%clk 0:42:03]} 25. Nd3 {[%clk 0:15:02]}  Be5 {[%clk 0:32:00]} 26. b3 {[%clk 0:14:41]}  f6 {[%clk 0:30:45]} 27. g3 {[%clk 0:14:15]}  Ke7 {[%clk 0:26:27]} 28. Kg2 {[%clk 0:13:23]}  Kd7 {[%clk 0:26:02]} 29. Kf3 {[%clk 0:13:30]}  g6 {[%clk 0:23:27]} 30. Re2 {[%clk 0:12:43]}  a5 {[%clk 0:22:51]} 31. a4 {[%clk 0:12:13]}  Kc6 {[%clk 0:22:07]} 32. Kf2 {[%clk 0:10:00]}  Rb7 {[%clk 0:22:20]} 33. Kf3 {[%clk 0:09:16]}  Kd5 {[%clk 0:18:23]} 34. Kf2 {[%clk 0:08:12]}  Kc6 {[%clk 0:17:16]} 35. Kf3 {[%clk 0:08:06]}  Kd5 {[%clk 0:17:29]} 36. Kf2 {[%clk 0:05:46]} 1/2-1/2

[Event "Masters Tournament (MTO)"]
[Site "Biel, CH"]
[Date "2025.07.23"]
[Round "9"]
[White "Gafner, Lancelot"]
[Black "Pisan, Kai"]
[Result "0-1"]
[Board "44"]
[WhiteFideId "1345818"]
[BlackFideId "39904881"]
[WhiteElo "1901"]
[BlackElo "1995"]
[WhiteTeam "SUI"]
[BlackTeam "USA"]
[WhiteClock "0:13:18"]
[BlackClock "0:25:56"]
[Variant "Standard"]

1. e4 {[%clk 1:40:58]}  c6 {[%clk 1:40:55]} 2. d4 {[%clk 1:41:17]}  d5 {[%clk 1:41:16]} 3. e5 {[%clk 1:41:41]}  Bf5 {[%clk 1:41:40]} 4. Nf3 {[%clk 1:42:06]}  e6 {[%clk 1:42:04]} 5. Be2 {[%clk 1:42:30]}  c5 {[%clk 1:42:29]} 6. Be3 {[%clk 1:42:49]}  Qb6 {[%clk 1:42:51]} 7. Nc3 {[%clk 1:42:40]}  Nc6 {[%clk 1:43:14]} 8. O-O {[%clk 1:42:56]}  Qxb2 {[%clk 1:43:36]} 9. Qe1 {[%clk 1:42:45]}  cxd4 {[%clk 1:39:06]} 10. Nxd4 {[%clk 1:38:51]}  Bb4 {[%clk 1:42:47]} 11. Ndb5 {[%clk 1:17:33]}  Ba5 {[%clk 1:22:25]} 12. Rb1 {[%clk 1:34:18]}  Qxc2 {[%clk 1:22:19]} 13. Nd6+ {[%clk 1:32:22]}  Kf8 {[%clk 1:20:08]} 14. Rxb7 {[%clk 1:32:17]}  Nge7 {[%clk 1:18:59]} 15. Bd2 {[%clk 1:19:10]}  Nd4 {[%clk 1:13:50]} 16. Bd1 {[%clk 1:27:03]}  Qd3 {[%clk 0:53:25]} 17. Rxe7 {[%clk 1:06:56]}  Kxe7 {[%clk 0:42:58]} 18. Nxf5+ {[%clk 1:02:50]}  Nxf5 {[%clk 1:00:39]} 19. Nxd5+ {[%clk 0:56:42]}  exd5 {[%clk 0:55:57]} 20. Bxa5 {[%clk 0:53:30]}  Rab8 {[%clk 0:42:47]} 21. Bg4 {[%clk 0:38:57]}  Rhc8 {[%clk 0:35:13]} 22. Bb4+ {[%clk 0:37:29]}  Ke6 {[%clk 0:32:42]} 23. Bd6 {[%clk 0:33:18]}  Rb6 {[%clk 0:24:18]} 24. f3 {[%clk 0:29:05]}  Rc2 {[%clk 0:19:13]} 25. Kh1 {[%clk 0:25:37]}  Qe2 {[%clk 0:14:46]} 26. Qxe2 {[%clk 0:16:37]}  Rxe2 {[%clk 0:14:26]} 27. a3 {[%clk 0:14:47]}  Rbb2 {[%clk 0:37:19]} 28. Bh3 {[%clk 0:13:28]}  d4 {[%clk 0:35:40]} 29. Rd1 {[%clk 0:12:03]}  g6 {[%clk 0:31:03]} 30. Bc5 {[%clk 0:08:26]}  Red2 {[%clk 0:31:30]} 31. Re1 {[%clk 0:06:12]}  Re2 {[%clk 0:31:27]} 32. Rd1 {[%clk 0:05:14]}  d3 {[%clk 0:29:35]} 33. Kg1 {[%clk 0:02:46]}  Kxe5 {[%clk 0:28:32]} 34. Bxa7 {[%clk 0:12:46]}  Ne3 {[%clk 0:26:52]} 35. Bxe3 {[%clk 0:12:41]}  Rxe3 {[%clk 0:26:32]} 36. Kf1 {[%clk 0:12:00]}  f5 {[%clk 0:26:26]} 37. Ra1 {[%clk 0:10:27]}  Rbe2 {[%clk 0:25:46]} 38. f4+ {[%clk 0:09:50]}  Kd4 {[%clk 0:26:00]} 39. g4 {[%clk 0:09:10]}  d2 {[%clk 0:25:36]} 40. gxf5 {[%clk 0:13:18]}  Re1+ {[%clk 0:25:56]} 0-1